|
|
|
|
| LEADER |
01677npc a2200301 i 4500 |
| 001 |
eta1340 |
| 005 |
20211006093719.0 |
| 008 |
181120s2018 hu o 0|| hun d |
| 040 |
|
|
|a SZTE Elektronikus Tananyag Archívum
|b hun
|
| 041 |
|
|
|a hun
|
| 100 |
1 |
|
|a Kosztopulosz Andreász
|
| 245 |
1 |
0 |
|a Pénzügyi alapismeretek 1.
|h [elektronikus dokumentum] /
|c Kosztopulosz Andreász
|
| 246 |
1 |
0 |
|a Introduction to finance
|h [elektronikus dokumentum]
|
| 260 |
|
|
|c 2018-11-14
|
| 650 |
|
4 |
|a Társadalomtudományok
|
| 650 |
|
4 |
|a Közgazdasági és gazdálkodástudományok
|
| 650 |
|
4 |
|a Közgazdaság, ökonometria
|
| 650 |
|
4 |
|a Pénzpiacok, pénzügyi eszközök árai, nemzetközi pénzügyek
|
| 695 |
|
|
|a pénzügy
|
| 856 |
4 |
0 |
|u https://eta.bibl.u-szeged.hu/1340/25/1.1.mp4
|z Dokumentum-elérés
|
| 856 |
4 |
0 |
|u https://eta.bibl.u-szeged.hu/1340/26/1.2.mp4
|z Dokumentum-elérés
|
| 856 |
4 |
0 |
|u https://eta.bibl.u-szeged.hu/1340/3/1.3%20olvas%C3%B3lecke%20_MIAP%C3%89NZ.pdf
|z Dokumentum-elérés
|
| 856 |
4 |
0 |
|u https://eta.bibl.u-szeged.hu/1340/27/1.5.mp4
|z Dokumentum-elérés
|
| 856 |
4 |
0 |
|u https://eta.bibl.u-szeged.hu/1340/5/1_1%20P%C3%A9nz%C3%BCgyrendszertan.pptx
|z Dokumentum-elérés
|
| 856 |
4 |
0 |
|u https://eta.bibl.u-szeged.hu/1340/6/1_2%20A%20p%C3%A9nz%20funkci%C3%B3i.pptx
|z Dokumentum-elérés
|
| 856 |
4 |
0 |
|u https://eta.bibl.u-szeged.hu/1340/7/1_4%20olvas%C3%B3lecke%20P%C3%A9nzt%C3%B6rt%C3%A9net.pdf
|z Dokumentum-elérés
|
| 856 |
4 |
0 |
|u https://eta.bibl.u-szeged.hu/1340/8/1_5%20Az%20aranystandard%20rendszer.pptx
|z Dokumentum-elérés
|
| 856 |
4 |
0 |
|u https://eta.bibl.u-szeged.hu/1340/9/1_6%20olvas%C3%B3lecke%20Az%20arany%20demonetiz%C3%A1l%C3%B3d%C3%A1sa.pdf
|z Dokumentum-elérés
|